Un sillón para mi mamá / (Record no. 19437)
[ view plain ]
| 000 -LEADER | |
|---|---|
| fixed length control field | 02177cam a2200565Ia 4500 |
| 001 - CONTROL NUMBER | |
| control field | sjds1056009 |
| 003 - CONTROL NUMBER IDENTIFIER | |
| control field | sjds |
| 005 - DATE AND TIME OF LATEST TRANSACTION | |
| control field | 20180403145656.0 |
| 008 - FIXED-LENGTH DATA ELEMENTS--GENERAL INFORMATION | |
| fixed length control field | 050827s1994 nyua j 000 1 spa d |
| 010 ## - LIBRARY OF CONGRESS CONTROL NUMBER | |
| LC control number | 81007010 |
| 020 ## - INTERNATIONAL STANDARD BOOK NUMBER | |
| International Standard Book Number | 0688132006 (trade paperback) |
| 020 ## - INTERNATIONAL STANDARD BOOK NUMBER | |
| International Standard Book Number | 9780688132002 (trade paperback) |
| 035 ## - SYSTEM CONTROL NUMBER | |
| System control number | 721721 |
| 035 ## - SYSTEM CONTROL NUMBER | |
| System control number | (OCoLC)61362998 |
| Canceled/invalid control number | (OCoLC)655398925 |
| -- | (OCoLC)775572113 |
| 035 ## - SYSTEM CONTROL NUMBER | |
| System control number | (OCoLC)ocm61362998 |
| 035 ## - SYSTEM CONTROL NUMBER | |
| System control number | 717751 |
| 035 ## - SYSTEM CONTROL NUMBER | |
| System control number | 115218 |
| 035 ## - SYSTEM CONTROL NUMBER | |
| System control number | 721721 |
| 040 ## - CATALOGING SOURCE | |
| Original cataloging agency | IH7 |
| Language of cataloging | eng |
| Transcribing agency | IH7 |
| Modifying agency | TEF |
| -- | BAKER |
| -- | OCLCA |
| -- | GPI |
| -- | WTX |
| -- | IG# |
| -- | OCLCF |
| -- | OCLCQ |
| -- | IFA |
| 041 1# - LANGUAGE CODE | |
| Language code of text/sound track or separate title | spa |
| Language code of original | eng |
| 049 ## - LOCAL HOLDINGS (OCLC) | |
| Holding library | IFAA |
| 099 ## - LOCAL FREE-TEXT CALL NUMBER (OCLC) | |
| Filing suffix | 1994 |
| 999 ## - SYSTEM CONTROL NUMBERS (KOHA) | |
| Koha Dewey Subclass [OBSOLETE] | ESPANOL PICTURE BOOKS WILLIAMS 1994 |
| 100 1# - MAIN ENTRY--PERSONAL NAME | |
| Personal name | Williams, Vera B., |
| Relator term | author. |
| 240 10 - UNIFORM TITLE | |
| Uniform title | <a href="Chair for my mother.">Chair for my mother.</a> |
| Language of a work | Spanish |
| 245 13 - TITLE STATEMENT | |
| Title | Un sillón para mi mamá / |
| Statement of responsibility, etc. | por Vera B. Williams ; traducido por Aída E. Marcuse. |
| 260 ## - PUBLICATION, DISTRIBUTION, ETC. (IMPRINT) | |
| Place of publication, distribution, etc. | [New York] : |
| Name of publisher, distributor, etc. | Greenwillow Books, |
| Date of publication, distribution, etc. | c1994. |
| 300 ## - PHYSICAL DESCRIPTION | |
| Extent | 1 volume (unpaged) : |
| Other physical details | color illustrations ; |
| Dimensions | 21 x 25 cm. |
| 336 ## - CONTENT TYPE | |
| Content type term | text |
| Content type code | txt |
| Source | rdacontent |
| 337 ## - MEDIA TYPE | |
| Media type term | unmediated |
| Media type code | n |
| Source | rdamedia |
| 338 ## - CARRIER TYPE | |
| Carrier type term | volume |
| Carrier type code | nc |
| Source | rdacarrier |
| 490 1# - SERIES STATEMENT | |
| Series statement | Reading rainbow book |
| 500 ## - GENERAL NOTE | |
| General note | Reading Rainbow book. |
| 520 ## - SUMMARY, ETC. | |
| Summary, etc. | "Después que un incendio destruye su casa y todo lo que poseen, Ros, su madre y su abuela ahorran hasta que logran comprarse un sillón grande y confortable para que las tres pedan disfutarlo."--P.[4] of cover. |
| 520 ## - SUMMARY, ETC. | |
| Summary, etc. | A child, her waitress mother, and her grandmother save dimes to buy a comfortable armchair after all their furniture is lost in a fire. |
| 586 ## - AWARDS NOTE | |
| Awards note | Caldecott honor book. |
| 586 ## - AWARDS NOTE | |
| Awards note | Caldecott honor book. |
| 650 #0 - SUBJECT ADDED ENTRY--TOPICAL TERM | |
| Topical term or geographic name as entry element | Families |
| Form subdivision | Juvenile fiction. |
| 650 #0 - SUBJECT ADDED ENTRY--TOPICAL TERM | |
| Topical term or geographic name as entry element | Saving and investment |
| Form subdivision | Juvenile fiction. |
| 650 #0 - SUBJECT ADDED ENTRY--TOPICAL TERM | |
| Topical term or geographic name as entry element | Chairs |
| Form subdivision | Juvenile fiction. |
| 650 #0 - SUBJECT ADDED ENTRY--TOPICAL TERM | |
| Topical term or geographic name as entry element | Fires |
| Form subdivision | Juvenile fiction. |
| 650 #7 - SUBJECT ADDED ENTRY--TOPICAL TERM | |
| Topical term or geographic name as entry element | Familia |
| Form subdivision | Novela juvenil. |
| Source of heading or term | bidex |
| 650 #7 - SUBJECT ADDED ENTRY--TOPICAL TERM | |
| Topical term or geographic name as entry element | Ahorro |
| Form subdivision | Novela juvenil. |
| Source of heading or term | bidex |
| 650 #7 - SUBJECT ADDED ENTRY--TOPICAL TERM | |
| Topical term or geographic name as entry element | Sillas |
| Form subdivision | Novela juvenil. |
| Source of heading or term | bidex |
| 650 #7 - SUBJECT ADDED ENTRY--TOPICAL TERM | |
| Topical term or geographic name as entry element | Incendios |
| Form subdivision | Novela juvenil. |
| Source of heading or term | bidex |
| 655 #7 - INDEX TERM--GENRE/FORM | |
| Genre/form data or focus term | Reading Rainbow book. |
| Source of term | local |
| 700 1# - ADDED ENTRY--PERSONAL NAME | |
| Personal name | Marcuse, Aída E. |
| 830 #0 - SERIES ADDED ENTRY--UNIFORM TITLE | |
| Uniform title | Reading rainbow book. |
| 942 ## - ADDED ENTRY ELEMENTS (KOHA) | |
| Koha item type | Libro/Book |
No items available.